000 00578nam a2200181Ia 4500
003 GCL
008 140319s9999 xx 000 0 ara d
040 _aGCL /
_cGCL
082 0 4 _a820
_bم ا
100 1 _aمكرم شاكر اسكندر
245 1 0 _aادباء منتحرون دراسة نفسية /
_cمكرم شاكر اسكندر
260 _a[S.N] :
_bدار الراتب الجامعية ،
_c1992
300 _a197 ص
490 _aسلسلة سوفنير
_v0
650 0 4 _aالادب الانجليزى
650 0 4 _aالادب الامريكى
942 _2ddc
_cBK
999 _c43264
_d43264